| 000 | 01252cam a22003015a 4500 | ||
|---|---|---|---|
| 001 | L134972 | ||
| 008 | 060913s2007 xxk f 001 0 eng u | ||
| 020 | _a9781405717977 | ||
| 035 | _a(Sirsi) u134972 | ||
| 050 | 0 | 4 | _a630.026 $2 18 |
| 100 | _aWilliams, Peter | ||
| 245 | 0 | 0 | _aScammell and Densham's law of agricultural holdings |
| 250 | _a9th ed. | ||
| 260 |
_aLondon _bLexisNexis Butterworths _c2007 |
||
| 300 |
_acxvi, 2207p. _c26cm. |
||
| 350 | _a195 | ||
| 520 | _aReference work covers UK statutes, statutory instruments, European legislation and major case law relating to agricultural tenancies and holdings. Covers all aspects of farm business tenancies under the Agricultural Tenancies Act 1995 as well as tenures under the Agricultural Holdings Act 1986. Also addresses dispute resolution and the milk quota. | ||
| 521 | 2 | _aAdvanced | |
| 590 | _aKA | ||
| 650 | 2 | 4 | _aAGRICULTURAL TENANCIES ACT 1995 |
| 650 | 2 | 4 | _aAGRICULTURAL HOLDINGS ACT 1986 |
| 650 | 2 | 4 | _aREGULATORY REFORM (AGRICULTURAL TENANCIES) (ENGLAND AND WALES) ORDER 2006 |
| 651 | 4 |
_aUnited Kingdom _y |
|
| 690 | _aPROPERTY-LANDLORD AND TENANT-TENANCIES-AGRICULTURAL TENANCIES | ||
| 700 | 1 | _aCardwell, Michael N. | |
| 700 | 1 | _aWilliams, Vivienne | |
| 942 | _n0 | ||
| 999 |
_c105873 _d105873 |
||